О возможности продления ресурса теплообменных апаратов с плоскими крышками при допуске ограниченных пластических деформаций металла; Техническая диагностика и неразрушающий контроль; № 4

書目詳細資料
Parent link:Техническая диагностика и неразрушающий контроль: научно-технический и производственный журнал/ Национальная академия наук Украины (НАНУ), Институт электросварки им. Е. О. Патона (ИЭС) ; Международная ассоциация "Сварка".— , 1990-1993, 2001-.— 0235-3474
№ 4.— 2005.— С. 46-47
主要作者: Кравец М. В.
其他作者: Долинский В. М.
語言:俄语
出版: 2005
叢編:Неразрушающий контроль
主題:
格式: Book Chapter
KOHA link:https://koha.lib.tpu.ru/cgi-bin/koha/opac-detail.pl?biblionumber=399951

MARC

LEADER 00000naa2a2200000 4500
001 399951
005 20231101065319.0
035 |a (RuTPU)RU\TPU\prd\41754 
090 |a 399951 
100 |a 20060306a2005 k y0rusy50 ca 
101 0 |a rus 
102 |a RU 
200 1 |a О возможности продления ресурса теплообменных апаратов с плоскими крышками при допуске ограниченных пластических деформаций металла  |f М. В. Кравец, В. М. Долинский 
225 1 |a Неразрушающий контроль 
320 |a Библиогр.: 3 назв. 
461 0 |0 (RuTPU)RU\TPU\prd\1736  |x 0235-3474  |t Техническая диагностика и неразрушающий контроль  |o научно-технический и производственный журнал  |f Национальная академия наук Украины (НАНУ), Институт электросварки им. Е. О. Патона (ИЭС) ; Международная ассоциация "Сварка"  |d 1990-1993, 2001- 
463 0 |0 (RuTPU)RU\TPU\prd\41444  |t № 4  |v С. 46-47  |d 2005 
610 1 |a теплообменные аппараты 
610 1 |a ресурсы 
610 1 |a продление 
610 1 |a пластическое деформирование 
610 1 |a металл 
610 1 |a деформации 
610 1 |a плоские крышки 
610 1 |a работоспособность 
610 1 |a коррозийные процессы 
610 1 |a износ 
675 |a 621.129.12  |v 3 
700 1 |a Кравец  |b М. В. 
701 1 |a Долинский  |b В. М. 
801 1 |a RU  |b 63413507  |c 20060306  |g PSBO 
801 2 |a RU  |b 63413507  |c 20140128  |g RCR 
942 |c BK